Cẩm nang chế độ tài chính kế toán và quản lý tài sản cơ quan hành chính sự nghiệp.
Sparad:
| Materialtyp: | Bok |
|---|---|
| Publicerad: |
Tài chính
2008
|
| Taggar: |
Lägg till en tagg
Inga taggar, Lägg till första taggen!
|
| Thư viện lưu trữ: | Mạng thư viện Đại học Đà Nẵng |
|---|
| LEADER | 00815nam a2200241 a 4500 | ||
|---|---|---|---|
| 001 | 000041792 | ||
| 003 | 32480 | ||
| 005 | 20171030155812.0 | ||
| 008 | 171030s2008 | ||
| 020 | |c 348000 | ||
| 040 | |a LNN | ||
| 082 | 0 | |a 352.43 |b Câ-N | |
| 245 | 0 | 0 | |a Cẩm nang chế độ tài chính kế toán và quản lý tài sản cơ quan hành chính sự nghiệp. |
| 260 | |b Tài chính |c 2008 | ||
| OWN | |a LNN | ||
| AVA | |a UDN50 |b LNN |d 352.43 Câ-N |e available |t Error 5001 Not defined in file expand_doc_bib_avail. |f 1 |g 0 |h N |i 0 |k 1 | ||
| 999 | |a From the UDN01 | ||
| AVA | |a UDN50 |b LNN |d 352.43 Câ-N |e available |t Error 5001 Not defined in file expand_doc_bib_avail. |f 1 |g 0 |h N |i 0 |k 1 | ||
| TYP | |a Monograph | ||
| TYP | |a Printed language | ||
| 980 | |a Mạng thư viện Đại học Đà Nẵng | ||